| 000 | 01348nam a22003494a 4500 | ||
|---|---|---|---|
| 001 | ebr10298343 | ||
| 003 | CaPaEBR | ||
| 006 | m u | ||
| 007 | cr cn||||||||| | ||
| 008 | 060411s2006 txu sb 000 0 eng | ||
| 010 | _z 2006012226 | ||
| 015 |
_aGBA668802 _2bnb |
||
| 016 | 7 |
_z013527707 _2Uk |
|
| 020 | _z9781932100785 (pbk.) | ||
| 020 | _z1932100784 (pbk.) | ||
| 040 |
_aCaPaEBR _cCaPaEBR |
||
| 035 | _a(OCoLC)560587417 | ||
| 050 | 1 | 4 |
_aPN1992.77.L67 _bG48 2006eb |
| 082 | 0 | 4 |
_a791.45/72 _222 |
| 245 | 0 | 0 |
_aGetting Lost _h[electronic resource] : _bsurvival, baggage, and starting over in J.J. Abrams' Lost / _cedited by Orson Scott Card. |
| 260 |
_aDallas, Tex. : _bBenBella Books : _bDistributed by Independent Publishers Group, _cc2006. |
||
| 300 | _a260 p. | ||
| 490 | 1 | _aSmart pop series | |
| 504 | _aIncludes bibliographical references. | ||
| 533 |
_aElectronic reproduction. _bPalo Alto, Calif. : _cebrary, _d2013. _nAvailable via World Wide Web. _nAccess may be limited to ebrary affiliated libraries. |
||
| 630 | 0 | 0 | _aLost (Television program) |
| 655 | 7 |
_aElectronic books. _2local |
|
| 700 | 1 | _aCard, Orson Scott. | |
| 710 | 2 | _aebrary, Inc. | |
| 830 | 0 | _aSmart pop series. | |
| 856 | 4 | 0 |
_uhttp://site.ebrary.com/lib/rucke/Doc?id=10298343 _zAn electronic book accessible through the World Wide Web; click to view |
| 999 |
_c64395 _d64395 |
||